000 02008nam a22003857a 4500
001 0000560
003 KOHA_MİRAKIL
005 20260207001213.0
007 ta
008 081212b2006 tu a|||gr||||#||||0|tur |
020 _a9752956032
_cYTL18,690000000000001
040 _aTR-BiSEU
_btur
_cTR-BiSEU
_erda
041 0 _atur
044 _ctu
050 _aHD30.213
_b.B39 2006
100 1 _aBayraktar, Berat Bir.
245 1 _aBilgi yönetimi/
_cBerat Bir Bayraktar ; Berat Bir Bayraktar.
264 1 _aİstanbul :
_bBeta Basım Yayım Dağıtım
_c2006
300 _a223 sayfa :
_bresimli
336 _ametin
_btxt
_2rdacontent
337 _aaracısız
_bn
_2rdamedia
338 _acilt
_bnc
_2rdacarrier
490 1 _aBeta ;
_vyayın no.
490 1 _a1708.
490 1 _aİşletme-Ekonomi ;
_v198
500 _aDış kapakta yapıt adı: Bilgi yönetimi : akademik yaklaşımlar
505 _aİÇİNDEKİLER
_x
_xÖnsöz III
_x
_xBilgi Ve Belge Yöneticisi İçin Etkili İletişimin Önemi / Berat Bir Bayraktar 1
_x
_xÜniversitelerde Öğrenci Dosyası Belge Profilinin İncelenmesi / Niyazi Çiçek 21
_x
_xBilgi Çağının Bir Gereği Olarak Çokuluslu Şirketlerde Bilgi Yönetimi / Ahmet Erdoğdu 43
_x
_xAvrupa Birliği Ve Bilgi Toplumu Olma Yolunda Türkiye'de Enformasyon Ve Bilgi Hizmetlerine Yönelik Çalışmalar / Neslihan Erözbek 71
_x
_xBilgi Güvenliği / Ziya Gökalp 95
_x
_xBelge-Bilgi Merkezlerinde Dış Kaynak Kullanımının Uygulanabilirliği / Özlem Gürhan 123
_x
_xAltı Sigma'nın Önemli Araçlarından Biri: Bilgi Yönetimi / Burçak Şentürk 157
_x
_xKurumsal Bilginin Stratejik Planlama Açısından Önemi / Asiye Kakırman Yıldız 173
_x
_xArşivler ve Halkla İlişkiler / Bekir Kemal Ataman 205
_x
650 0 _aBilgi yönetimi.
_92826
650 0 _aBilgi kaynakları yönetimi.
_92827
650 0 _aİletişim, Örgütlerde.
_92828
830 1 _aBeta ;
_vyayın no.
_92823
830 1 _a1708.
_92829
830 1 _aİşletme-Ekonomi ;
_v198
_92830
942 _2lcc
_cBK
999 _c561
_d561